00920nam a2200229 a 450000100100000000500170001000800410002702000150006804000250008304100380010808200150014610000190016124000750018024501140025526000410036930000430041049000400045353400820049350400400057570000350061583000400065000002546820200930023817.0110216s1983 ag ad r 000 0 spa d a950518705X aDO-SdBNPbspacBNPHU17aspaheng2Código de idioma MARC aNNNbR188h1 aRandall, Laura10aAn economic history of Argentina in the twentieth century.lEspañol.10aHistoria económica de la Argentina en el siglo XX /cLaura Randall ; traducción Lidia Espinosa de Matheu. aBuenos Aires :bAmorrortu,c[1983?]. a271, [2] p. :bil., gráfs. ;c23 cm.1 aBiblioteca de economía política aTítulo originaltAn economic history of Argentina in the twentieth century. aIncluye bibliografía (p. 263-271)1 aEspinosa de Matheu, Lidiaetr. 0aBiblioteca de economía política